Statistics for EuroBasket 1987 Greek Squad

Click here to take the quiz!

General Stats

  • This quiz has been taken 4 times
  • The average score is 5 of 12

Answer Stats

Pos.#AgeClubName% Correct
G429ArisNikos Galis
100%
C1324PAOKPanagiotis Fasoulas
100%
PG628ArisPanagiotis Giannakis
100%
F1522PanioniosFanis Christodoulou
67%
PG1429PanathinaikosMemos Ioannou
67%
PF1227PanathinaikosLiveris Andritsos
33%
PF1124ArisNikos Filippou
33%
PF921PagratiPanagiotis Karatzas
33%
C725OlympiacosArgyris Kambouris
0%
F1021ArisMichalis Romanidis
0%
PF823PanioniosNikos Linardos
0%
F527PAOKNikos Stavropoulos
0%

Score Distribution

Percentile by Number Answered

Percent of People with Each Score

Your Score History

You have not taken this quiz